Proceedings of the 6th American

Na minha lista:
Detalhes bibliográficos
Formato: Livro
Idioma:inglês
Publicado em: Stan Louis : WJTA, 1991
Tags: Adicionar Tag
Sem tags, seja o primeiro a adicionar uma tag!

MARC

LEADER 00000nam a22000003a 4500
001 stu31387
005 20141122061929.6
008 971013s1991----xxu-----------------eng-d
040 |a STU  |b slo 
041 0 |a eng 
044 |a xxu 
245 |a Proceedings of the 6th American 
260 |a Stan Louis :  |b WJTA,  |c 1991 
996 |b J87998  |c J*87998  |l JJST  |s P  |a 0  |w stu31387_0001